| 000 | 00453nam a22001937a 4500 | ||
|---|---|---|---|
| 003 | Nust | ||
| 005 | 20170216102758.0 | ||
| 008 | 170216b xxu||||| |||| 00| 0 eng d | ||
| 020 | _a9781114576004 | ||
| 040 | _cNust-MCE | ||
| 082 |
_a624.1821 _bSEG _cN-02, P-37 |
||
| 100 | _aWilliam, T. Segui | ||
| 245 | _aSteel design | ||
| 250 | _a5th edition. | ||
| 260 |
_aUSA _bCengage learning |
||
| 300 |
_axiii, 752 p. _bill. |
||
| 650 | _aMCE | ||
| 942 | _cBK | ||
| 999 |
_c228078 _d228078 |
||